Rappeurs francais - Statistiques

Statistiques générales
  • Ce quiz a été pris 94 fois
  • Le résultat moyen est 4 sur 17
Statistiques - réponses
Titre / phrase Rappeur % Correct
Dernière ligne droite SCH
66%
"l'enfer, c'est les autres, la porte à coté..." Laylow
60%
Ciel pleure Dinos
56%
"voir ton string Calvin sous ton jean Levi's..." Jok'air
41%
Boyka Zamdane
33%
Amnesia TIF
29%
Chico S.Pri Noir
28%
"faudrait qu'j'arrete de parler de snake mais y a que ça, ma soeur..." la Fève
24%
G LE SEUL Khali
23%
Ivy Baby hayabusa, neophron
20%
"regarde moi dans les eyes j'ai tout c'que j'veux..." Rounhaa
16%
"crystal froid Bretling ice..." Luther
15%
Le jour se lève Selug, $enar
11%
2018 Abel31
7%
La Trinité H JeuneCrack
7%
Draga Daï FEMTOGO
6%
"j'crois ca va partir en couilles mon poto il est cramé, ça va partir en fouille..." Winnterzuko
4%
Aucun quiz correspondant
Distribution des résultats
% des personnes avec chaque résultat
Percentile par nombre de réponses
Votre historique - résultats
Vous n’avez pas pris ce quiz